Basic science and technology statistics

Na minha lista:
Detalhes bibliográficos
Formato: Livro
Idioma:inglês
francês
Publicado em: Paris OECD 2000
Colecção:Statistics
Assuntos:
Tags: Adicionar Tag
Sem tags, seja o primeiro a adicionar uma tag!

MARC

LEADER 00000nam a2200000 4500
001 c122678
005 20260302103740.4
020 |a 92-64-05882-6 
041 0 |a eng 
041 0 |a fre 
044 |a FR 
245 1 0 |a Basic science and technology statistics 
264 1 |a Paris  |b OECD  |c 2000 
300 |a 538 s. 
490 1 |a Statistics 
830 0 |a Statistics 
610 2 0 |a veda 
610 2 0 |a technológia